000 00664nam a2200277Ia 4500
005 20260324144229.0
008 008 260324s9999 xx 000 0 eng d
020 _a9780429301223
037 _aEBOOK
040 _aCRL
040 _beng
040 _cCRL
041 _2eng
041 _aeng
084 _qCRL
100 _aHoward Handelman; Werner Baer
_91218559
245 0 _aPaying The Costs Of Austerity In Latin America
260 _bTaylor and Francis
260 _c1989
365 _a
365 _b145
856 _uhttp://www.taylorfrancis.com/books/9780429301223
942 _cEBOOK
999 _c1824918
_d1824918